000 00890nam a22002897a 4500
001 BR0809491
003 BR-BrBNA
005 20230928102828.0
007 ta
008 230509b bl.||||| |||| 00| 0 por d
040 _aBR-BrBNA
_bpor
_cBiblioteca Nacional de Agricultura
041 _a(Por)
072 _aH20
_b2110
_b4120
_b3490
090 _ 2110 BR0809491
100 1 _aHoyos, J.M.A.
110 1 _aUniversidade Federal de Lavras, MG (Brasil)
_0Tese (Mestrado)
245 1 _aUtilização de fungos endófitos do cacaueiro como biocontroladores da vassoura-de-bruxa
260 3 _aLavras, MG (Brasil):
_c2008.
300 _a51 p.
500 _aSummares (Eng, Por); Several bibliography; 9 tables
650 _aCACAU
650 _aPLÂNTULA
650 _aVASSOURA-DE-BRUXA
650 _aFUNGO PARA CONTROLE BIOLÓGICO
909 _a202309
_bLucia
_c55
_dLucia Elande
942 _cBK
999 _c72609
_d72609